01847 am a2200445 a 450000500170000000800410001702000150005804100080007309200170008111000540009824500940015225000110024626000300025730000110028750001300029859000350042865300360046365300440049965300260054365300380056965300300060765300330063765300310067065300290070165300520073065300600078265300860084265300600092865300530098870000270104170000270106870000240109570000250111970000260114493000090117094200120117999900130119195200960120495201010130020240527123229.0100906s1993||||xxua f |||| 001 0 spa d a9275710449 aspa c618l62sOPS1 aOPS963gOrganización Panamericana de la Salud. aManual de crecimiento y desarrollo del niño /cOrganización Panamericana de la Salud. a2a ed. aWashington: bOPS;c1994. a226 p. aOrganización Panamericana de la Salud. (2010). Manual de crecimiento y desarrollo del niño. (1a ed.). Washington : OPS.  aDonación Dr Oliva Sept. 2010 aCrecimiento: enfoque conceptual aEvaluación del crecimiento del niño aDesarrollo del niño aFactores prenatales y crecimiento aNutrición y crecimiento aInmunizaciones y crecimiento aSalud dental y crecimiento aAccidentes y crecimiento aDetección de las alteraciones del crecimiento aDetección temprana de las alteraciones del desarrollo aSistemas locales de salud (SILOS) y la supervisión del crecimiento y desarrollo aParticipación comunitaria en crecimiento y desarrollo aPrograma de control del crecimiento y desarrollo1 aCusminsky, Marcos96351 aLejarraga, Horacio9641 aMercer, Raúl.9651 aMartell, Miguel.9661 aFescina, Ricardo.967 a2149 2ddccBK c701d701 00104070aBFMbBFMcCRd2011-05-13l0o618 62 OPSp2149r2014-11-06tej.1w2011-05-13yBK 00102ddc4070aBFMbBFMcCRd2011-07-01l0o618 62 OPSp2301r2014-11-06tej.2w2011-07-01yBK